Music Quiz

Random Music or Artist Quiz

3 Music Threesomes Quiz Stats

 Plays Quiz Updated Jul 9, 2018

Challenge
Share
Tweet
Embed
Score 0/9 Timer 01:30
3 Plays Today
Hint Answer % Correct
The Original SupremesDiana Ross
84.4%
Bee Gees BrothersBarry
82.4%
Day the Music Died MusiciansBuddy Holly
79.4%
Bee Gees BrothersMaurice
64.8%
Day the Music Died MusiciansThe Big Bopper
64.5%
Bee Gees BrothersRobin
57.9%
Day the Music Died MusiciansRitchie Valens
57.2%
The Original SupremesMary Wilson
17.9%
The Original SupremesFlorence Ballard
13%

You're not logged in!

Compare scores with friends on all Sporcle quizzes.
OR
Log In

You Might Also Like...

Show Comments

Extras

Top Quizzes Today


Score Distribution

Your Account Isn't Verified!

In order to create a playlist on Sporcle, you need to verify the email address you used during registration. Go to your Sporcle Settings to finish the process.

Report this User

Report this user for behavior that violates our Community Guidelines.

Details: